Les Pokémon avec "roi" et "reine" dans leur nom - Statistiques

Statistiques générales
  • Ce quiz a été pris 57 fois
  • Le résultat moyen est 6 sur 12
Statistiques - réponses
Réponse % Correct
Apireine
82%
Roigada
76%
Nidoqueen
69%
Nidoking
67%
Poissoroy
59%
Hyporoi
49%
Sucreine
47%
Roitiflam
45%
Sylveroy
35%
Galeking
27%
Blizzaroi
24%
Ursaking
20%
Aucun quiz correspondant
Distribution des résultats
% des personnes avec chaque résultat
Percentile par nombre de réponses
Votre historique - résultats
Vous n’avez pas pris ce quiz